000 00328nam a2200121 i 4500
001 bg
245 0 _aWytyczne badania ultradźwiękami zgrzelin punktowych w stalowych konstrukcjach grubościennych.
260 _aWarszawa,
_c1971.
040 _cBPK
041 _apol
942 _cKS
008 s pl f |000 0 pol
999 _c27146
_d27146
856 _uhttp://koha.tu.koszalin.pl/cgi-bin/koha/opac-detail.pl?biblionumber=27146
_yKatalog online BPK